| 000 | 00388nam a22001697a 4500 | ||
|---|---|---|---|
| 005 | 20160615112558.0 | ||
| 008 | 160615b xxu||||| |||| 00| 0 eng d | ||
| 020 | _a81-7929-091-3 | ||
| 041 | _aeng | ||
| 082 | _b7709 | ||
| 100 |
_aRowson, Pauline _91965 |
||
| 245 | _aSuccessful Marketing | ||
| 260 |
_bInfinity Book _c2005 |
||
| 300 | _a138 | ||
| 650 |
_aManagement _9241 |
||
| 942 | _cBK | ||
| 999 |
_c2754 _d2753 |
||